00729nam a22001697a 4500003000200000005001700002008004100019050002600060100003300086245014400119260007100263300002700334500003900361504005600400650005500456650004800511020250204171453.0250204b xxu||||| |||| 00| 0 eng d aLB 2806.15b.D45 2024 aDel Castillo, Zyreen Ruby G. aProposed facebook collaterals for the matatag curriculum implementation of diamond academy for s.y. 2023-2024 cZyreen Ruby G. Del Castillo aLas Pinas CitybSouthville International School and Collegesc2024 aviii, 89 pages;c28cm. aBachelor of Arts in Communication. aIncludes bibliographical references and appendices. aMatatag Curriculum Implementation – Philippines. aCurriculum Promotion through Digital Media.